01973nam a2200277 a 450000100060000000300090000600800410001502000150005604000280007108200210009910000640012024500550018425000060023926000330024530000120027850506430029059000470093365000470098065000460102794200120107399900170108595201540110295201540125695201540141095201310156419175CO-ViMGA141112s2004 ck r 000 u spa d a9701509218 aCO-ViMGAbspacCO-ViMGA04aMEVIGAPOR.1 C1771 aCastellanos Casas, Ricardo; Ferreyra Cortes, Gonzalo92749310aInformática : bla herramienta del nuevo milenio a2 aBogotá : bAlfaomega; 2003 a3 vols. aVol. 1 : introducción a la informática Desarrollo histórico : (generaciones de computadores)Componentes lógicos del sistema informático : software de sistema, software de desarrollo; software de aplicación, virus Sistemas operativos (windows)Procesamiento de textos Introducción a la programación Vol. 2 : Principales componentes de la computadora Procesamiento de textos Internet (historia, correo electronico, etc)Power point Hojas de cálculo Programación estructurada Ensamble Redes de computadores Sevicios de internet Algoritmos matemáticos con Excel Bases de datos con Access Programación orientada a objetos aForma de adquisición : Premio Mincultura14aINFORMATICA - ENSEÑANZA ELEMENTAL92749414aPROCESAMIENTO ELECTRONICO DE DATOS919975 2ddccBK c28337d28337 00102ddc40708002aMEVIECARbMEVIECARd2015-12-04hVolumen. 1 | 11/jun/2009l0o004.1 C177 p19175 - 1r2022-06-16 00:00:00tEj. 1w2015-12-04yBK 00102ddc40708002aMEVIECARbMEVIECARd2015-12-04hVolumen. 2 | 21/ago/2013l0o004.1 C177 p19175 - 2r2022-06-16 00:00:00tEj. 1w2015-12-04yBK 00102ddc40708002aMEVIECARbMEVIECARd2015-12-04hVolumen. 3 | 21/ago/2013l0o004.1 C177 p19175 - 3r2022-06-16 00:00:00tEj. 1w2015-12-04yBK 00102ddc40708INFaMEMESETAbMEMESETAcSInfd2025-08-26l0o004.2 C17i1pME01874r2025-06-09 10:43:00tEj.1w2025-06-09yBK